| 000 | 00456nam a2200169Ia 4500 | ||
|---|---|---|---|
| 003 | GCL | ||
| 008 | 140319s9999 xx 000 0 eng d | ||
| 040 |
_aGCL / _cGCL |
||
| 082 | 0 | 4 |
_a547.7 _bT C |
| 100 | 1 | _aTHOMSON, R.H. | |
| 245 | 1 | 0 |
_aTHE CHEMISTY OF NATURAL PRODUCT, 2ND ED / _cTHOMSON, R.H. |
| 260 |
_a[S.N] : _bBLACKIE ACADEMIC & PROFESSIONAL ، _c1993 |
||
| 300 | _a452 P | ||
| 650 | 0 | 4 | _aCHEMISTRY |
| 650 | 0 | 4 | _aNATURAL PRODUCTS |
| 942 |
_2ddc _cBK |
||
| 999 |
_c19533 _d19533 |
||